000 01543nam0a22003491 4500
001 rc\2235056
005 20250623095133.0
035 _a(NLR Aleph) 006710113
090 _a5333864
_c5333864
100 _a20110829d1978 |||y0rusy50 ca
101 1 _arus
_chun
102 _aRU
105 _ay z |||||
200 1 _aПлощадь Республики, 1956
_e[Пер. с венг.]
_fПод общ. ред. К.И. Иванова
_gПослесл. Б.В. Горбачева
210 _aМосква
_cПрогресс
_d1978
215 _a272 с.
_d20
311 _aПеревод изд.: Köztarsasag ter 1956 / Hollos Ervin, Lajtai Vera. С Э. Холлош, В. Лайтан, Кошут, 1974
320 _aБиблиогр. в примеч.: с. 256-271
454 0 _12001#$aKöztarsasag ter 1956$fHollos Ervin, Lajtai Vera
_1210##$d1974
_1700#1$aHollos$bE.$gErvin
_1701#1$aLajtai$bV.$gVera
_tKöztarsasag ter 1956
_aHollos, Ervin
606 _aКонтрреволюционный мятеж в Венгрии
_z1956
_2psbo
700 1 _aХоллош
_bЭ.
_gЭрвин
701 1 _aЛайтаи
_bВ.
_gВера
702 1 _4340
_7ca
_8rus
_aИванов
_bК. И.
_cдипломат, писатель
_f1924-1984
_gКрасарм Иванович
_9228234
_3RU\NLR\AUTH\770228290
702 1 _aГорбачев
_bБ.В.
_4080
801 0 _aRU
_bNLR
_gpsbo
801 1 _aRU
_bELAR
_2rusmarc
852 _aNLR
_j79-3/2023
899 _aRuMoRGB
_jБ 78-6/1677
899 _aRuMoRGB
_jБ 78-6/1678
942 _cBOOK
980 _aNB